000 00905cab a2200229 4500
001 WB2924-54
008 090401t1993 xxu||||| |||| 00| 0 eng d
035 _a(Sirsi) u59183
041 _aeng
245 _aSingle registration sufficient
260 _c1993
350 _a0
490 _aTimes
_v23 June 1993, 32(1)
520 _aIn "Armstrong and Holmes Ltd v Holmes and another", ChD 17 June 1993, it was held that once an option to purchase land was registered, a later potential purchaser from the grantor was sufficiently warned by the registration of the option; additional registration of the contract of sale resulting from exercise of the option was not required.
650 _aCONTRACT OF SALE
650 _aLAND CHARGES ACT 1972
650 _aOPTION TO PURCHASE
650 _aSALE AND PURCHASE
690 _aPROPERTY LAW AND PRACTICE-CASE LAW
942 _n0
948 _c04/03/1997
999 _c36273
_d36273